UPLATŇOVANIE MAJETKOVEJ UJMY V OSOBITÝCH SÚSTAVÁCH OBHOSPODAROVANIA

Bibliographic Details
Main Authors: Kalúz, Karol, 1953-2011 (Author), Siklienka, Marián (Author)
Format: Article
Language:Slovak

MARC

LEADER 00000naa a2200000uu 4500
001 vtls010934204
003 SK-MaSNL
005 20260302122717.0
008 210909|2002 xo |||||||||||||||||slo|
015 |a SNBRA 
035 |a (urnnbn)urn:nbn:sk:snk:ar-a0b6d1 
035 |a (uuid)9dbfbd9a-106a-4f29-a738-781c3950a637 
035 |a urn:nbn:sk:snk-aatyrk 
040 |a SNKBUCL  |b slo  |c SNKBUCL  |e AACR2 
041 0 |a slo 
044 |a xo  |c SK 
100 1 |a Kalúz, Karol,  |d 1953-2011  |4 aut  |9 191007 
245 1 0 |a UPLATŇOVANIE MAJETKOVEJ UJMY V OSOBITÝCH SÚSTAVÁCH OBHOSPODAROVANIA  |c Karol Kalúz, Marián Siklienka 
246 3 |a ASSERT OF PROPERTY LOSS IN AN INDIVIDUAL MAITENANCE FRAMEWORK 
700 1 |a Siklienka, Marián  |4 aut  |9 806644 
773 0 |t K aktuálnym otázkam v PPoK v období príprav pre vstup SR do EÚ  |d V Nitre : Slovenská poľnohospodárska univerzita, 2002, m y0  |g S. 224-226  |z 8080690146 
958 |a OND 
958 |a article11 
958 |a chapter 
999 |c 1279310  |d 1281240